Communication in action : teaching literature-based language arts

Main Author: Hennings
Published: Boston: Houghton Mifflin Co., c2002..
Edition:8th ed.
Subjects:
LEADER 00679cam a2200193 7i4500
001 0000034205
005 20040406090000.0
020 # 0 |a 0618166017  
090 0 0 |a LB 1576   |b H334 2002 
100 1 # |a Hennings  
245 0 0 |a Communication in action :   |b teaching literature-based language arts   |c Dorothy Grant Hennings. 
250 # # |a 8th ed. 
260 # # |a Boston:   |b Houghton Mifflin Co.,   |c c2002.. 
300 # # |a xxviii, 526, 18, 20 p.:   |b ill.;   |c 24 cm. 
504 0 0 |a Includes bibliographical references and index 
650 0 0 |a Creative writing (Elementary education)  
650 0 0 |a Language arts (Elementary)  
650 0 0 |a Oral communication  
999 |a 1100021417  |b Book  |c Open Shelf  |e KOLEKSI TERBUKA